<?xml version="1.0" encoding="UTF-8"?>
<collection xmlns="http://www.loc.gov/MARC21/slim">
 <record>
  <leader>00392pamaa2200145   4500</leader>
  <controlfield tag="001">0000017321</controlfield>
  <controlfield tag="005">20100609090000.0</controlfield>
  <datafield tag="020" ind1="0" ind2="0">
   <subfield code="a">1852395028 </subfield>
  </datafield>
  <datafield tag="082" ind1=" " ind2=" ">
   <subfield code="a">248.4 JAE</subfield>
  </datafield>
  <datafield tag="090" ind1="0" ind2="0">
   <subfield code="a">BV4501.2 </subfield>
   <subfield code="b">JAE</subfield>
  </datafield>
  <datafield tag="100" ind1="1" ind2="0">
   <subfield code="a">Jaeger </subfield>
  </datafield>
  <datafield tag="245" ind1="1" ind2="0">
   <subfield code="a">Philadelphia Rebel : </subfield>
   <subfield code="b">the education of a bourgeoise  </subfield>
   <subfield code="c">Clara Jaeger.</subfield>
  </datafield>
  <datafield tag="260" ind1="0" ind2="0">
   <subfield code="a">Richmond, VA: </subfield>
   <subfield code="b">Grosvenor, </subfield>
   <subfield code="c">1988.</subfield>
  </datafield>
  <datafield tag="300" ind1=" " ind2=" ">
   <subfield code="a">vii, 229p.: </subfield>
   <subfield code="b">21cm.</subfield>
  </datafield>
  <datafield tag="650" ind1="0" ind2="0">
   <subfield code="a">Christian life </subfield>
  </datafield>
 </record>
</collection>
